[Event "3rd Forni di Sopra Open"]
[Site "Forni di Sopra ITA"]
[Date "2012.06.20"]
[Round "6.3"]
[White "Romanishin,O"]
[Black "Ninov,N"]
[Result "1-0"]
[WhiteElo "2511"]
[BlackElo "2471"]

1.Nf3 d5 2.g3 c5 3.Bg2 Nc6 4.d4 e6 5.O-O cxd4 6.Nxd4 Nxd4 7.Qxd4 Ne7 8.Rd1 Nc6
9.Qe3 Nb4 10.Na3 Qc7 11.c3 Bc5 12.Qf4 Qxf4 13.Bxf4 Nc6 14.Nb5 Ke7 15.b4 Bb6
16.Bd6+ Kf6 17.Nc7 Bxc7 18.Bxc7 Bd7 19.e4 Rac8 20.Bf4 e5 21.Be3 d4 22.cxd4 Nxd4
23.Bxd4 exd4 24.Rxd4 Rc7 25.f4 Ke7 26.Rad1 Ba4 27.R1d2 Rhc8 28.e5 b6 29.Bf1 h5
30.b5 Bc2 31.Bh3 Ra8 32.Rd7+ Rxd7 33.Rxd7+ Kf8 34.Bg2 Rc8 35.Rxa7 Rd8 36.Ra8 Rxa8
37.Bxa8 Ke7 38.Kf2 Ke6 39.Ke3 Ba4 40.Bc6 g5 41.h4 gxh4 42.gxh4 f6 43.Kd4 fxe5+
44.fxe5 Bd1 45.Bd5+ Kf5 46.Bb3 Bf3 47.a4 Bb7 48.Bc2+  1-0

[Event "Teplice Open 2012"]
[Site "Teplice CZE"]
[Date "2012.06.20"]
[Round "5.28"]
[White "Friml,A"]
[Black "Jirasek,J"]
[Result "1-0"]
[WhiteElo "2125"]
[BlackElo "1948"]

1.Nf3 d5 2.g3 c5 3.Bg2 Nc6 4.d4 Nf6 5.O-O e6 6.c3 Be7 7.Bf4 O-O 8.Nbd2 cxd4
9.cxd4 b6 10.Qa4 Bd7 11.Rfc1 Na5 12.Qd1 Rc8 13.Ne5 Bb5 14.a3 Nd7 15.b4 Nxe5
16.Bxe5 Nc4 17.a4 Ba6 18.b5 Nxe5 19.dxe5 Bb7 20.Nb3 Bc5 21.Ra2 Qe7 22.Rac2 g6
23.e3 Kg7 24.a5 Ba3 25.Rxc8 Rxc8 26.Rxc8 Bxc8 27.Qc2 Bd7 28.Bf1 Qb4 29.axb6 axb6
30.Nd4 Qc5 31.Qa4 Bb2 32.Qa7 Be8 33.Nxe6+  1-0

[Event "16th Voronezh Master Open"]
[Site "Voronezh RUS"]
[Date "2012.06.20"]
[Round "8.34"]
[White "Vastrukhin,O"]
[Black "Nevioselaya,M"]
[Result "1/2-1/2"]
[WhiteElo "2353"]
[BlackElo "2026"]

1.Nf3 d5 2.g3 Nf6 3.Bg2 c6 4.O-O Bg4 5.Ne5 Bf5 6.d4 Nbd7 7.c4 e6 8.Nc3 Bd6
9.Bf4 Qc7 10.Nxd7 Nxd7 11.Bxd6 Qxd6 12.cxd5 cxd5 13.Qb3 O-O 14.a4 Qa6 15.Rfd1 Qb6
16.Qxb6 Nxb6 17.a5 Nc4 18.b3 Nd6 19.Rac1 Rac8 20.f3 Rfd8 21.e4 dxe4 22.fxe4 Bg4
23.Re1 Ne8 24.h3 Bh5 25.d5 exd5 26.Nxd5 Rxc1 27.Rxc1 f6 28.b4 Bf7 29.Kf2 Bxd5
30.exd5 Kf8 31.Ke3 Ke7 32.Kd4 Kd6 33.Be4 g6 34.g4 Nc7 35.h4 Nb5+ 36.Ke3 Ke5
37.Rc5 Nd6 38.Bf3 Rd7 39.Rc1 Nb5 40.Rc5 Nd6 41.Rc1 f5 42.g5 f4+ 43.Kd3 Nf5
44.Rc5 Nxh4 45.d6+ Ke6 46.Bg4+ Nf5 47.Ke4 Rxd6 48.Re5+ Kf7 49.Bxf5 gxf5+
50.Rxf5+ Kg6 51.Rxf4 Re6+ 52.Kd5 Re7 53.Rg4 Kf5 54.Rg1 Rc7 55.Kd6 Rc6+ 56.Kd5 Rc7
57.Kd6  1/2-1/2

[Event "16th Voronezh Master Open"]
[Site "Voronezh RUS"]
[Date "2012.06.20"]
[Round "8.47"]
[White "Sakhvadze,G"]
[Black "Severina,M"]
[Result "1-0"]
[WhiteElo "2095"]
[BlackElo "2247"]

1.Nf3 d5 2.g3 c6 3.Bg2 Nf6 4.d3 Bg4 5.h3 Bxf3 6.Bxf3 e6 7.Nd2 Nbd7 8.Bg2 Qc7
9.e4 h5 10.Qe2 h4 11.g4 Bd6 12.Nf3 Bf4 13.Bxf4 Qxf4 14.e5 Ng8 15.Qd2 Qxd2+
16.Kxd2 Ne7 17.d4 Ng6 18.Ke3 f6 19.Rhe1 Ke7 20.exf6+ gxf6 21.Ng1 e5 22.Ne2 Kd6
23.f4 e4 24.f5 Ngf8  1-0

[Event "65th ch-RUS HL"]
[Site "Tyumen RUS"]
[Date "2012.06.21"]
[Round "6"]
[White "Yevseev,D"]
[Black "Nazaretyan,Tigran"]
[Result "1-0"]
[WhiteElo "2529"]
[BlackElo "2131"]

1.Nf3 d5 2.g3 Nf6 3.Bg2 c6 4.O-O Bg4 5.c4 e6 6.cxd5 exd5 7.d3 Bc5 8.Nc3 O-O
9.Qc2 Nbd7 10.e4 dxe4 11.dxe4 Re8 12.Bf4 Bh5 13.h3 Bxf3 14.Bxf3 Ne5 15.Bg2 Qe7
16.Rad1 Rad8 17.Rxd8 Rxd8 18.Rd1 Rxd1+ 19.Qxd1 Nfd7 20.h4 Qe6 21.Na4 Be7
22.b3 h6 23.Be3 b5 24.Nc3 a6 25.Ne2 Ng4 26.Ba7 Ngf6 27.Nd4 Qd6 28.Qc2 c5
29.Nf5 Qe5 30.f4 Qa1+ 31.Kh2 Bf8 32.Qe2 h5 33.Bf3 g6 34.Ne3 Qd4 35.e5 Nxe5
36.fxe5 Qxe5 37.Bb6 Bd6 38.Nf1 Qd4 39.Qd2 Qe5 40.Ba5 b4 41.Bd8 Kg7 42.Kg2 Ne4
43.Qe2 Nc3 44.Qxa6 Qd4 45.Bg5 Be5 46.Be3 Qd6 47.Qxd6 Bxd6 48.Nd2 f5 49.Nc4 Be7
50.a4 bxa3 51.Nxa3 Kf7 52.Nc4 Ke6 53.Bc6 Nd5 54.Bd2 Bd8 55.Be8 Bc7 56.Bxg6 f4
57.Bxh5 fxg3 58.Bf3 Ne7 59.Be4 Ng8 60.Be1 Nf6 61.Bf3 Nd5 62.Bxg3 Bd8 63.Bg4+ Kf6
64.Kf3 Nb4 65.Ke4 Nc2 66.Kd5 Be7 67.Bf4 Kf7 68.Ne5+ Kg7 69.h5 Nd4 70.b4  1-0

[Event "62nd ch-RUS HL w"]
[Site "Tyumen RUS"]
[Date "2012.06.21"]
[Round "6"]
[White "Kovalevskaya,E"]
[Black "Butuc,M"]
[Result "1/2-1/2"]
[WhiteElo "2417"]
[BlackElo "2201"]

1.Nf3 d5 2.g3 Bg4 3.Bg2 c6 4.O-O Nf6 5.d3 Nbd7 6.Nbd2 e5 7.e4 Bd6 8.h3 Bxf3
9.Nxf3 O-O 10.Nh4 g6 11.Qe2 Re8 12.Bg5 Qb6 13.c3 Bf8 14.Rad1 Qa6 15.exd5 cxd5
16.Qc2 h6 17.Be3 Rac8 18.a3 d4 19.Bd2 Nc5 20.c4 e4 21.dxe4 Ncxe4 22.b3 b5
23.Bb4 Bxb4 24.axb4 bxc4 25.Rxd4 cxb3 26.Qxb3 Qb6 27.Rd3 Kg7 28.Qb2 Rc4 29.Rb3 Nxg3
30.Rxg3 Rxh4 31.b5 Rf4 32.Ra1 Rf5 33.Bf1 Ree5 34.Bd3 Rg5 35.Kh2 Rxg3 36.fxg3 Qe3
37.Bf1 Rf5 38.Bg2 Rf2 39.Qa3 Qe2 40.Rg1 Qh5 41.Kh1 Qe5 42.Qa1 Qxg3 43.Qxa7 h5
44.Qd4 Kh7 45.Qd8 Ne4 46.Qd5 Rf4 47.Qxh5+ gxh5 48.Bxe4+ Rxe4 49.Rxg3 Rb4
50.Rg5 Kh6 51.Rc5 Rb2 52.Kg1 Kg6 53.h4 f6 54.b6 Rxb6 55.Kg2 Rb3 56.Ra5 Re3
57.Kf2 Re5 58.Ra4 Rb5 59.Kf3 Rb3+ 60.Kg2 Kf5 61.Ra5+ Kg4 62.Ra4+ Kf5 63.Ra5+ Kg6
64.Kf2 Rb4 65.Kg3 Rg4+ 66.Kh3 Re4 67.Kg3 Re5 68.Ra4 Kf5 69.Kf3 Rb5 70.Rf4+ Ke5
71.Re4+ Kd5 72.Re8 Rb4 73.Kg3 Rg4+ 74.Kh3 Re4 75.Ra8 Kd4 76.Ra6 Rf4 77.Kg3 Rf5
78.Ra4+ Ke5 79.Ra6 Ke4 80.Ra4+ Ke5 81.Ra6 Ke4  1/2-1/2

[Event "16th Voronezh Master Open"]
[Site "Voronezh RUS"]
[Date "2012.06.21"]
[Round "9.2"]
[White "Onischuk,V"]
[Black "Fedoseev,Vl3"]
[Result "1-0"]
[WhiteElo "2516"]
[BlackElo "2546"]

1.Nf3 d5 2.g3 Bg4 3.Bg2 c6 4.h3 Bh5 5.b3 e6 6.Bb2 Nf6 7.d3 Qa5+ 8.Nfd2 Nbd7
9.O-O e5 10.Qe1 Be7 11.e4 O-O 12.a3 Rfe8 13.Nc3 Rac8 14.Kh1 Qc7 15.f4 exf4
16.gxf4 dxe4 17.dxe4 Nb6 18.e5 Nfd5 19.Nce4 Qd8 20.Qf2 f5 21.exf6 Nxf6 22.Qg3 Nbd7
23.Rae1 Bf8 24.f5 Bf7 25.Bf3 Bd5 26.Ng5 Qc7 27.Qh4 Rxe1 28.Rxe1 Qa5 29.Nde4 Bxe4
30.Bxe4 Bd6 31.b4 Qb5 32.Bd3 Qd5+ 33.Kg1 b5 34.Ne6 Re8 35.Qg5 Re7 36.Qg2 c5
37.Qxd5 Nxd5 38.Bxb5 cxb4 39.axb4 Bxb4 40.Rd1 N5b6 41.Bxg7 a6 42.Bxd7 Nxd7
43.Kg2 Kf7 44.Bb2 Nf8 45.Ng5+ Ke8 46.Rd4 Rb7 47.f6 Bc5 48.Re4+ Kd8 49.Bc3 Rb1
50.Re5 Bb6 51.f7 Kd7 52.Nf3 Ng6 53.Rf5 Ke7 54.Bg7 Rc1 55.f8=Q+ Nxf8 56.Rxf8 Rxc2+
57.Kh1 Rc1+ 58.Kg2 Rc2+ 59.Kg3 Bc7+ 60.Kh4 Rg2 61.Ng5 a5 62.Rf7+ Kd6 63.Be5+ Kxe5
64.Rxc7 a4 65.Ra7 Ra2 66.Nxh7 Kd4 67.Ng5 a3 68.Nf3+ Ke4 69.Kg3 Ra1 70.h4 a2
71.Kg2 Kf5 72.h5 Rb1 73.Rxa2 Kg4 74.h6 Rb7 75.Ra4+ Kf5 76.Rh4 Rh7 77.Kg3 Rh8
78.Rh1 Rg8+ 79.Kh4 Kf6 80.Kh5 Rg3 81.Rf1  1-0

[Event "TCh-POR Div 1 Final"]
[Site "Matosinhos POR"]
[Date "2012.06.22"]
[Round "2.3.2"]
[White "Sousa,Ri"]
[Black "Galego,L"]
[Result "0-1"]
[WhiteElo "2101"]
[BlackElo "2495"]

1.Nf3 d5 2.g3 Nf6 3.Bg2 g6 4.O-O Bg7 5.d3 O-O 6.Nbd2 d4 7.a4 Nc6 8.e4 dxe3
9.fxe3 Nd5 10.Nc4 Nb6 11.Nxb6 axb6 12.e4 b5 13.c3 bxa4 14.d4 Bd7 15.e5 Na5
16.Bf4 Nb3 17.Ra3 Bc6 18.Qe1 Bd5 19.Qe3 c5 20.Rd1 cxd4 21.Nxd4 Bxg2 22.Kxg2 Qd5+
23.Qf3 Rfd8 24.Qxd5 Rxd5 25.Kf3 b5  0-1

[Event "5th Svein Memorial"]
[Site "Oslo NOR"]
[Date "2012.06.22"]
[Round "1"]
[White "Seps,M"]
[Black "Rodsmoen,Maud"]
[Result "1-0"]
[WhiteElo "2193"]
[BlackElo "1778"]

1.Nf3 d5 2.g3 Nf6 3.Bg2 Bf5 4.c4 e6 5.Qb3 Nc6 6.O-O Na5 7.Qa4+ c6 8.d3 b6
9.b4 Nb7 10.Qxc6+ Qd7 11.Qxd7+ Nxd7 12.cxd5 Bxb4 13.dxe6 fxe6 14.Nd4 Ndc5
15.Nxf5 exf5 16.Bc6+ Kd8 17.d4 Kc7 18.Bd5 Ne4 19.f3 Nc3 20.Bf4+ Nd6 21.Nxc3 Bxc3
22.Rac1 Kd7 23.Rxc3 Rac8 24.Rfc1 Rxc3 25.Rxc3 h6 26.Be5 Rc8 27.Rxc8 Nxc8
28.Bxg7 Kd6 29.e4 fxe4 30.fxe4 Ne7 31.Bf8 b5 32.Bf7 b4 33.Kf2 a5 34.Bb3 h5
35.Ke3 Kd7 36.Bxe7 Kxe7 37.Kf4 Kd6 38.g4 hxg4 39.Kxg4 Kc6 40.Ba4+ Kd6 41.h4 Ke7
42.h5 Kf7 43.d5 Kf6 44.h6 Kg6 45.d6 Kxh6 46.d7 Kg6 47.d8=Q b3 48.Be8+ Kg7
49.Qe7+ Kg8 50.Bf7+ Kg7 51.Be6+ Kh8 52.Qf8+ Kh7 53.Bf5+  1-0

[Event "Hotel El Aguila GM"]
[Site "Utebo ESP"]
[Date "2012.06.22"]
[Round "7.4"]
[White "Anton Guijarro,D"]
[Black "Ducarmon,Q"]
[Result "1-0"]
[WhiteElo "2475"]
[BlackElo "2368"]

1.Nf3 d5 2.g3 c6 3.Bg2 Bg4 4.O-O e6 5.d3 Nf6 6.Nbd2 Be7 7.b3 O-O 8.Bb2 a5
9.a3 Nbd7 10.h3 Bxf3 11.Nxf3 Bd6 12.c4 Re8 13.Qc2 e5 14.e3 e4 15.dxe4 dxe4
16.Ng5 Qe7 17.Rfd1 Be5 18.Bxe5 Qxe5 19.Nxe4 Nxe4 20.Bxe4 Qxe4 21.Qxe4 Rxe4
22.Rxd7 a4 23.Rxb7 axb3 24.Rc1 h5 25.Rxb3 Ra4 26.Rbc3 g5 27.Kf1 h4 28.g4 f5
29.gxf5 Re5 30.Rd1 Rxf5 31.Rd7 Rc5 32.Rb3 Rcxc4 33.Rb8+  1-0

[Event "5th Svein Memorial"]
[Site "Oslo NOR"]
[Date "2012.06.23"]
[Round "2"]
[White "Salomon,J"]
[Black "Vas,P SWE"]
[Result "1/2-1/2"]
[WhiteElo "2052"]
[BlackElo "2326"]

1.Nf3 d5 2.g3 Nf6 3.Bg2 e6 4.O-O Be7 5.c4 O-O 6.b3 c5 7.cxd5 Nxd5 8.Bb2 Nc6
9.Nc3 Nc7 10.d3 e5 11.Nd2 Nd4 12.Rc1 f6 13.Na4 Na6 14.Ne4 Qa5 15.Qe1 Qb5
16.Nec3 Qe8 17.Ne4 Qh5 18.Bxd4 exd4 19.f4 Rb8 20.Nexc5 Bxc5 21.Bf3 Qf5 22.Be4 Qh5
23.Bf3 Qf5 24.Be4  1/2-1/2

[Event "Teplice Open 2012"]
[Site "Teplice CZE"]
[Date "2012.06.23"]
[Round "8.8"]
[White "Hausner,I"]
[Black "Bartos,J"]
[Result "1/2-1/2"]
[WhiteElo "2412"]
[BlackElo "2235"]

1.Nf3 d5 2.g3 g6 3.Bg2 Bg7 4.O-O Nf6 5.d3 O-O 6.Nbd2 Nc6 7.e4 e5 8.c3 a5
9.b3 Re8 10.a3 b6 11.Bb2 Ba6 12.exd5 Nxd5 13.c4 Nde7 14.Qc2 Rb8 15.Rfe1 Nf5
16.Nf1 Ncd4 17.Nxd4 Nxd4 18.Bxd4 Qxd4 19.Ne3 Qd6 20.b4 axb4 21.axb4 Bb7 22.Bxb7 Rxb7
23.b5 Bf8 24.Nd5 c6 25.bxc6 Qxc6 26.Qa4 Qxa4 27.Rxa4 Kg7 28.Kg2 Bc5 29.f4 f6
30.Ra6 Bd4 31.Kf3 Kf7 32.fxe5 Rxe5 33.Rxe5 fxe5 34.Ke4 h5 35.Nb4 Bg1 36.Nc6 Kf6
37.h3 Bh2 38.c5 Bg1 39.d4 Rd7 40.cxb6 Rb7  1/2-1/2

[Event "65th ch-RUS HL"]
[Site "Tyumen RUS"]
[Date "2012.06.23"]
[Round "7"]
[White "Maletin,P"]
[Black "Stukopin,A"]
[Result "1/2-1/2"]
[WhiteElo "2596"]
[BlackElo "2502"]

1.Nf3 d5 2.g3 c6 3.c4 Nf6 4.Bg2 Bg4 5.Ne5 Bf5 6.cxd5 cxd5 7.Nc3 Nc6 8.Nxc6 bxc6
9.O-O Qd7 10.d3 e5 11.Qa4 Be6 12.Bg5 Be7 13.e4 Rb8 14.Qc2 O-O 15.Na4 Rfc8
16.b3 h6 17.Bxf6 Bxf6 18.Nc5 Qd6 19.Nxe6 Qxe6 20.Qe2 Bd8 21.Qf3 Rb5 22.Rac1 Bb6
23.Rc2 dxe4 24.Qxe4 Bd4 25.Rfc1 c5 26.Qd5 Qxd5 27.Bxd5 Rd8 28.Bc4 Rb6 29.Kg2 g6
30.Re2 Kg7 31.Rf1 g5 32.f4 gxf4 33.gxf4 Rg6+ 34.Kh3 Rf6 35.f5 Rg8 36.Rg2+ Kf8
37.Rg3 Rg5 38.Rxg5 hxg5 39.Kg4 Be3 40.h4 gxh4 41.Kxh4 Rh6+  1/2-1/2

[Event "65th ch-RUS HL"]
[Site "Tyumen RUS"]
[Date "2012.06.23"]
[Round "7"]
[White "Vitiugov,N"]
[Black "Frolyanov,D"]
[Result "1-0"]
[WhiteElo "2703"]
[BlackElo "2564"]

1.Nf3 d5 2.g3 c6 3.Bg2 Bg4 4.d3 Nd7 5.O-O Ngf6 6.Qe1 e6 7.Nbd2 Bd6 8.h3 Bh5
9.e4 Qc7 10.b3 O-O 11.Bb2 e5 12.Nh4 Rfe8 13.Nf5 Bc5 14.Kh1 a5 15.a3 Rad8
16.f4 dxe4 17.Nxe4 Nxe4 18.dxe4 Bg6 19.Nh4 exf4 20.gxf4 Nf8 21.Qe2 Qe7 22.Qg4 f6
23.f5 Bf7 24.e5 h5 25.Qe2 fxe5 26.f6 gxf6 27.Be4 Qd7 28.Qg2+ Kh8 29.Rxf6 Re6
30.Rh6+  1-0

[Event "5th Svein Memorial"]
[Site "Oslo NOR"]
[Date "2012.06.24"]
[Round "4"]
[White "Tari,A"]
[Black "Gonzalez,Francisco"]
[Result "1-0"]
[WhiteElo "2216"]
[BlackElo "1991"]

1.Nf3 d5 2.g3 c6 3.Bg2 Bg4 4.c4 e6 5.cxd5 Bxf3 6.Bxf3 cxd5 7.Nc3 Nf6 8.O-O Nc6
9.d3 Be7 10.a3 O-O 11.b4 a5 12.b5 Nd4 13.Bg2 Qd7 14.Qa4 Ne8 15.e3 Rc8 16.Qxd4 Bf6
17.Qa4 Bxc3 18.Rb1 b6 19.e4 d4 20.f4 Nd6 21.Qd1 Rc7 22.a4 Bb4 23.Bb2 Nb7
24.f5 exf5 25.Rxf5 Bc5 26.Qf3 Qe7 27.Rf1 Nd8 28.h4 Ne6 29.Bh3 Ba3 30.Bxa3 Qxa3
31.Rxf7 Rcxf7 32.Bxe6 Kh8 33.Bxf7 h6 34.e5 Qxa4 35.e6  1-0

[Event "3rd Mediterranean Open"]
[Site "Terrasini ITA"]
[Date "2012.06.24"]
[Round "1"]
[White "Assmann,Norbert"]
[Black "Ljubisavljevic,Z"]
[Result "0-1"]
[WhiteElo "1921"]
[BlackElo "2246"]

1.Nf3 d5 2.g3 c5 3.Bg2 Nc6 4.O-O e5 5.d3 f6 6.Nbd2 Be6 7.e4 d4 8.Ne1 h5 9.f4 exf4
10.gxf4 Qc7 11.a4 O-O-O 12.Nc4 Nh6 13.Qxh5 Be7 14.Qf3 g5 15.fxg5 fxg5 16.Qg3 Ng4
17.Qxc7+ Kxc7 18.Nf3 Bxc4 19.dxc4 Ne3 20.Rf2 g4 21.Ne1 Bd6 22.Bh1 Rd7 23.Nd3 Rdh7
24.Bxe3 dxe3 25.Rf5 Nd4 26.Rf6 Rxh2 27.Bg2 Rxg2+ 28.Kxg2 Rh2+ 29.Kg1 Nf3+
30.Rxf3 gxf3 31.e5 Rg2+ 32.Kh1 Be7 33.Rf1 Rg3 34.Kh2 Bh4 35.c3 e2 36.Rf2 Rg2+  0-1

[Event "3rd Mediterranean Open"]
[Site "Terrasini ITA"]
[Date "2012.06.24"]
[Round "1"]
[White "Napoli,N"]
[Black "Elbert,G"]
[Result "1-0"]
[WhiteElo "2298"]
[BlackElo "1990"]

1.Nf3 d5 2.g3 Bg4 3.Bg2 Nd7 4.c4 e6 5.cxd5 exd5 6.Qb3 Nc5 7.Qe3+ Qe7 8.Ne5 Be6
9.b3 Qf6 10.d4 Na6 11.O-O Be7 12.Nc3 c6 13.Qd2 Nh6 14.e4 Nc7 15.Qe2 O-O-O
16.h4 Bd7 17.exd5 cxd5 18.Nxd7 Rxd7 19.Bh3 Ne6 20.Bg5 Qxd4 21.Rfd1  1-0

[Event "65th ch-RUS HL"]
[Site "Tyumen RUS"]
[Date "2012.06.24"]
[Round "8"]
[White "Andreikin,D"]
[Black "Sjugirov,S"]
[Result "1/2-1/2"]
[WhiteElo "2700"]
[BlackElo "2625"]

1.Nf3 d5 2.g3 Nf6 3.Bg2 c6 4.c4 dxc4 5.O-O Nbd7 6.Qc2 Nb6 7.Na3 g6 8.Nxc4 Nxc4
9.Qxc4 Bg7 10.d3 O-O 11.Bf4 Nd5 12.Be5 Bxe5 13.Nxe5 Qd6 14.Nf3 Qf6 15.Qb3 Bg4
16.h3 Bxf3 17.Bxf3 Rab8 18.Bxd5 cxd5 19.Rac1 Qe6 20.Rc2 Qxh3 21.Qxd5 Rbc8
22.Rfc1 Rxc2 23.Rxc2 Rc8 24.Rc4 b6 25.b4 h5 26.Qb7 Rxc4 27.dxc4 Qe6 28.Qxa7 Qxe2
29.Qxb6 h4 30.b5 Qe1+ 31.Kh2 hxg3+ 32.Kxg3 Qc3+ 33.Qe3 Qxc4 34.b6 Qxa2 35.b7 Qb1
36.Qxe7 Qg1+ 37.Kf3 Qd1+ 38.Kf4 Qc1+ 39.Kf3 Qd1+ 40.Kg3 Qg1+ 41.Kf3  1/2-1/2

[Event "TCh-POR Div 1 Final"]
[Site "Matosinhos POR"]
[Date "2012.06.25"]
[Round "5.3.1"]
[White "Appel,R"]
[Black "Alvarez Fernandez,E"]
[Result "1-0"]
[WhiteElo "2535"]
[BlackElo "2369"]

1.Nf3 d5 2.g3 Bf5 3.Bg2 e6 4.O-O Nf6 5.c4 c6 6.d4 Nbd7 7.Qb3 Qb6 8.c5 Qxb3
9.axb3 a6 10.Nc3 Be7 11.b4 O-O 12.h3 h6 13.g4 Bh7 14.Nd2 g5 15.f4 Bc2 16.Nf3 Nh7
17.Be3 f6 18.Ne1 Bg6 19.f5 Bf7 20.Bf2 e5 21.Nd3 e4 22.Nc1 Rad8 23.Na4 h5
24.Bg3 h4 25.Bh2 Ra8 26.Nb3 Bd8 27.Ra3 Be8 28.Na5 Ra7 29.Rfa1 Rf7 30.Nc3 Ndf8
31.Nb3 Bd7 32.b5 Bc8 33.e3 Ra8 34.Bf1 Bc7 35.bxa6 Bxh2+ 36.Kxh2 bxa6 37.Na5 Rc7
38.Rb3 Nd7 39.Ra4 Nhf8 40.Rab4 Kf7 41.Kg1 Ke8 42.Kf2 Kf7 43.Ke1 Ke8 44.Kd2 Kf7
45.Be2 Ke8 46.Kc2 Kf7 47.Na2 Ke8 48.Kc3 Ke7 49.Bd1 Ke8 50.Ra3 Nb8 51.Kd2 Nfd7
52.Ba4 Kd8 53.Kc2 Raa7 54.Rb6 Bb7 55.Rab3 Kc8 56.Nb4 Ba8 57.Kd2  1-0

[Event "65th ch-RUS HL"]
[Site "Tyumen RUS"]
[Date "2012.06.25"]
[Round "9"]
[White "Ovetchkin,R"]
[Black "Mokshanov,A"]
[Result "1-0"]
[WhiteElo "2501"]
[BlackElo "2429"]

1.Nf3 d5 2.g3 Nf6 3.Bg2 e6 4.c4 Be7 5.d4 O-O 6.O-O c6 7.Qc2 b6 8.Nbd2 Ba6
9.Ne5 Nfd7 10.Nd3 Bf6 11.e3 Bb7 12.b4 Na6 13.b5 cxb5 14.cxd5 Bxd5 15.Bxd5 exd5
16.Qc6 Nc7 17.Ba3 Nb8 18.Qd6 Re8 19.Nf4 Bg5 20.Rfc1 Bxf4 21.gxf4 Nba6 22.Qxd8 Raxd8
23.Rab1 Rd7 24.Nf3 f6 25.f5 Nb8 26.Bd6 Nba6 27.Rc6 Red8 28.Bg3 b4 29.Ne1 Nb5
30.Nd3 Nd6 31.Bxd6 Rxd6 32.Rc2 g6 33.Kg2 Kf7 34.Kf3 Ke7 35.Rg1 Rg8 36.h4 Kf7
37.Rcc1 Rdd8 38.Nf4 Rd7 39.Rg2 gxf5 40.Rxg8 Kxg8 41.Rc8+ Kf7 42.Rh8 Kg7 43.Ra8 b3
44.axb3 Nb4 45.Rc8 Kf7 46.h5 Kg7 47.Ne2 Kh6 48.Ng3 Kg5 49.Rg8+ Kh6 50.Kf4 Nd3+
51.Kxf5 Rg7 52.Rxg7 Kxg7 53.Ke6 Nxf2 54.Nf5+ Kf8 55.Kxd5 Nd3 56.Kc4 Nc1 57.b4 a5
58.b5 Ne2 59.Nd6 Ng3 60.Nc8 Nxh5 61.Nxb6 Ke7 62.Kc5 Kd8 63.Nd5 Kc8 64.Kc6 Ng7
65.Nxf6 Ne6 66.b6 Nd8+ 67.Kb5 Kb7 68.Kxa5 Nc6+ 69.Kb5 Ne7 70.e4 Nc8 71.Kc5 h6
72.e5 Nxb6 73.e6 Kc7 74.Nd5+  1-0

[Event "62nd ch-RUS HL w"]
[Site "Tyumen RUS"]
[Date "2012.06.25"]
[Round "9"]
[White "Timofeeva,Ekaterina"]
[Black "Pustovoitova,D"]
[Result "1-0"]
[WhiteElo "2273"]
[BlackElo "2307"]

1.Nf3 d5 2.g3 Nf6 3.Bg2 e6 4.O-O Be7 5.c4 O-O 6.d4 dxc4 7.Qc2 a6 8.Qxc4 b5
9.Qc2 Bb7 10.Bd2 Be4 11.Qc1 Bb7 12.Qc2 Bd6 13.Re1 Be4 14.Qc1 Nbd7 15.Ba5 Rc8
16.Nbd2 Ba8 17.e4 e5 18.Bh3 Qe7 19.dxe5 Bxe5 20.Nxe5 Qxe5 21.Bf5 g6 22.Nf3 Qe7
23.Qg5 h6 24.Qxh6 gxf5 25.Bc3 Rfe8 26.Qg5+ Kf8 27.Rad1 b4 28.Rxd7 bxc3 29.Rxe7 Rxe7
30.Qxf6 Ree8 31.Ng5  1-0

[Event "62nd ch-RUS HL w"]
[Site "Tyumen RUS"]
[Date "2012.06.27"]
[Round "11"]
[White "Timofeeva,Ekaterina"]
[Black "Ovod,E"]
[Result "1/2-1/2"]
[WhiteElo "2273"]
[BlackElo "2410"]

1.Nf3 d5 2.g3 c5 3.Bg2 Nc6 4.d4 e6 5.O-O Qb6 6.e3 Nf6 7.b3 cxd4 8.exd4 Be7
9.Bb2 O-O 10.Nbd2 Bd7 11.Re1 Rac8 12.Ne5 Rfd8 13.Nxd7 Rxd7 14.c3 Qa5 15.b4 Qd8
16.Nb3 Ne8 17.Qg4 Rdc7 18.a4 b6 19.Bf1 a5 20.b5 Nb8 21.Bd3 Nd7 22.Nd2 Nd6
23.f4 g6 24.Qe2 Bf6 25.g4 Nf8 26.Nf3 Nc4 27.Bc1 Nd6 28.Bd2 Nc4 29.Bxc4 Rxc4
30.Ne5 Bxe5 31.fxe5 Qh4 32.Rf1 h5 33.gxh5 Qxh5 34.Qxh5 gxh5 35.Rf3 Ng6 36.Kf2 h4
37.Ke2 f5 38.exf6 Kf7 39.Kd3 Rh8 40.Kc2 Rh5 41.Kb3 Rf5 42.Rxf5 exf5 43.Bg5 Rc8
44.Rf1 Ke6 45.Re1+ Kf7 46.Rc1 Rc4 47.Rf1 Ke6 48.f7 Rc8 49.Bh6 Kf6 50.c4 dxc4+
51.Kc3 Kxf7 52.Rxf5+ Ke6 53.Rf3 Ne7 54.Re3+ Kd7 55.Re5 Kd6 56.Kc2 Nd5 57.Rf5 Nb4+
58.Kc3 Nd5+ 59.Kc2 Nb4+ 60.Kc3 Nd5+  1/2-1/2

[Event "3rd Mediterranean Open"]
[Site "Terrasini ITA"]
[Date "2012.06.28"]
[Round "6"]
[White "Messina,D"]
[Black "Savalla,Pietro"]
[Result "1/2-1/2"]
[WhiteElo "1939"]
[BlackElo "1834"]

1.Nf3 d5 2.g3 Nf6 3.Bg2 g6 4.O-O Bg7 5.d4 O-O 6.Nbd2 Nbd7 7.Re1 Re8 8.e4 dxe4
9.Nxe4 Nxe4 10.Rxe4 e5 11.dxe5 Nxe5 12.Qxd8 Rxd8 13.Bg5 Re8 14.Nxe5 Rxe5
15.Rxe5 Bxe5 16.Re1 Bd6 17.Re8+ Kg7 18.Be3 c5 19.Bd2 Rb8 20.Bf4 Bxf4 21.gxf4 Ra8
22.Bd5 Rb8 23.Re7 Bf5 24.Rxf7+ Kh6 25.c4 Re8 26.f3 Re2 27.Rxb7 Rd2 28.Bg8 Rd7
29.Rxd7 Bxd7 30.Bd5 Kg7 31.Kf2 Kf6 32.Ke3 Bf5 33.Be4 Bd7 34.Kd3 Be6 35.a3 a5
36.Kc3 Kg7 37.b4 cxb4+ 38.axb4 axb4+ 39.Kxb4 Kh6 40.c5 Kh5 41.c6 Kh4 42.c7 Kh3
43.Bb7 Kxh2 44.c8=Q Bxc8 45.Bxc8 Kg3  1/2-1/2

[Event "Mukachevo Summer Open"]
[Site "Mukachevo UKR"]
[Date "2012.06.29"]
[Round "7.5"]
[White "Ianov,V"]
[Black "Grinev,V"]
[Result "0-1"]
[WhiteElo "2327"]
[BlackElo "2395"]

1.g3 d5 2.Nf3 Nf6 3.Bg2 Bg4 4.c4 c6 5.cxd5 cxd5 6.Ne5 Bd7 7.Nc3 Nc6 8.d4 e6
9.O-O Be7 10.Bf4 O-O 11.Rc1 Rc8 12.Nxd7 Qxd7 13.Qa4 a6 14.Rfd1 Nh5 15.Be3 f5
16.a3 Bd6 17.f4 Nf6 18.Bf2 Ra8 19.b4 Rfc8 20.Qb3 b5 21.Rc2 Ne7 22.e3 Rc7
23.Rdc1 Rb8 24.Bf1 Rcb7 25.Nd1 Nc8 26.Nb2 Nb6 27.Nd3 Nc4 28.Nc5 Bxc5 29.dxc5 Ne4
30.Be1 a5 31.Qd3 Ra7 32.Rg2 axb4 33.Bxb4 Rc8 34.Qd4 Rac7 35.g4 fxg4 36.Be2 h5
37.h3 gxh3 38.Rh2 Rf8 39.c6 Qe8 40.Bxf8 Qg6+ 41.Kf1 Ncd2+ 42.Qxd2 Nxd2+ 43.Ke1 Nf3+  0-1

[Event "ch-Pan Americano U20 2012"]
[Site "Sao Paulo BRA"]
[Date "2012.06.29"]
[Round "1.25"]
[White "Gomes Silverio,Taua"]
[Black "Sztokbant,B"]
[Result "1/2-1/2"]
[WhiteElo "1675"]
[BlackElo "2074"]

1.Nf3 d5 2.g3 Nf6 3.Bg2 e6 4.O-O Be7 5.d3 O-O 6.Nbd2 c5 7.e4 Nc6 8.Re1 b5
9.c3 b4 10.Nf1 Ba6 11.e5 Nd7 12.d4 bxc3 13.bxc3 cxd4 14.cxd4 Nb4 15.Qa4 Nb6
16.Qa5 Nc2 17.Qxa6 Nxa1 18.Qd3 Rc8 19.Ne3 Nc4 20.Re2 Nxe5 21.Qb1 Nxf3+ 22.Bxf3 Bf6
23.Bb2 Nb3 24.axb3 Qb6 25.Ba3 Bxd4 26.Bxf8 Rxf8 27.Qd3 g6 28.Ra2 Rb8 29.Bd1 a5
30.Qd2 Bc5 31.Ng4 Qb4 32.Nf6+ Kg7 33.Nd7 Qxd2 34.Rxd2 Bb4 35.Nxb8 Bxd2 36.Kf1 Kf6
37.Ke2 Bc3 38.Nc6 e5 39.Bc2 Ke6 40.Kd3 Be1 41.f3 Kd6 42.Nd8 Ke7 43.Nc6+ Kd6
44.Nd8 Ke7  1/2-1/2

[Event "40th TCh-GRE 2012"]
[Site "Achaea GRE"]
[Date "2012.06.30"]
[Round "1.6"]
[White "Skalkotas,N"]
[Black "Malikentzos,S"]
[Result "0-1"]
[WhiteElo "2194"]
[BlackElo "2324"]

1.Nf3 d5 2.g3 Nf6 3.Bg2 c6 4.d3 Bg4 5.Nbd2 Nbd7 6.h3 Bh5 7.O-O e6 8.Qe1 Be7
9.e4 O-O 10.b3 a5 11.a3 Qb6 12.Rb1 Qa6 13.e5 Ne8 14.Nh2 Qb6 15.Kh1 Nc7 16.g4 Bg6
17.f4 f5 18.Ndf3 Qc5 19.Nd4 Qb6 20.gxf5 Bxf5 21.Nxf5 Rxf5 22.Nf3 c5 23.Bd2 Nf8
24.Nh4 Bxh4 25.Qxh4 Ng6 26.Qg3 Raf8 27.c4 Qc6 28.Kg1 b6 29.Qg4 Qd7 30.Be3 Qf7
31.d4 cxd4 32.Bxd4 h5 33.Qd1 Nxf4 34.Rxf4 Rxf4 35.Bxb6 Qg6 36.Kh1 Rf2  0-1

[Event "9th Philadelphia International"]
[Site "Philadelphia USA"]
[Date "2012.06.30"]
[Round "3"]
[White "Romanov,E"]
[Black "Jayakumar,A"]
[Result "1/2-1/2"]
[WhiteElo "2631"]
[BlackElo "2267"]

1.g3 d5 2.Nf3 Nf6 3.Bg2 c5 4.c4 g6 5.O-O Bg7 6.cxd5 Nxd5 7.Qc2 b6 8.d4 cxd4
9.Nxd4 O-O 10.Rd1 e6 11.Nc3 Bb7 12.Nxd5 exd5 13.Bf4 Qd7 14.Qd2 Na6 15.Bh6 Nc5
16.Bxg7 Kxg7 17.Nb3 Qe7 18.Qb4 Rfe8 19.e3 Ne4 20.Qxe7 Rxe7 21.Rac1 Kf6 22.Nd4 Rc8
23.Rxc8 Bxc8 24.Nc6 Rd7 25.Nb4 Ke6 26.Bh3+ f5 27.g4 Ng5 28.gxf5+ gxf5 29.Bg2 Bb7
30.f4 Nf7 31.Nc2 Rc7 32.Nd4+ Kf6 33.Rd2 Nd6 34.Rc2 Rc4 35.Kf2 a5 36.Bf1 Rc5
37.Bd3 Bc8 38.Ke1 Bd7 39.h3 Be6 40.Kd1 Nc4 41.Re2 Rc7 42.b3 Nd6 43.Rc2 Rc5
44.a3 Bd7 45.b4 Rxc2 46.Kxc2 Ne4 47.bxa5 bxa5 48.Nf3 Ba4+ 49.Kc1 Nf2 50.Bf1 Kg6
51.Nh4+ Kf6 52.Bg2 d4 53.exd4 Nd3+ 54.Kd2 Nxf4 55.Ke3 Nxg2+ 56.Nxg2 Bc6 57.Nf4 Be4
58.h4 Ke7 59.Ne2 Ke6 60.Nc3 Bd5 61.Nxd5 Kxd5 62.a4 Kc4 63.h5 Kb4 64.Kf4 Kxa4
65.d5 Kb5 66.Kxf5 a4 67.d6 a3 68.d7 a2 69.d8=Q a1=Q 70.Qd7+ Kc5 71.Qc7+ Kd5
72.Qf7+ Kd6 73.Kg5 Qc1+  1/2-1/2

[Event "ch-UAE 2012"]
[Site "Abu Dhabi UAE"]
[Date "2012.07.01"]
[Round "5.3"]
[White "AlHuwar,J"]
[Black "Ali,Mah"]
[Result "1-0"]
[WhiteElo "2270"]
[BlackElo "2100"]

1.Nf3 d5 2.g3 c6 3.Bg2 Bf5 4.O-O e6 5.d3 Bg6 6.c4 f5 7.Qb3 Qb6 8.Qc2 Nd7
9.Nc3 Ngf6 10.Ng5 Bf7 11.Be3 Qa5 12.cxd5 exd5 13.Bd2 Qa6 14.Nxf7 Kxf7 15.e4 fxe4
16.dxe4 d4 17.Qb3+ Kg6 18.Bh3 Ne5 19.Bf5+  1-0